Statistiques concernant Liste des sports aux jeux olympiques d'été 2020

Cliquez ici pour prendre le quiz!

Statistiques générales

  • Ce quiz a été pris 3 856 fois
  • Le résultat moyen est 20 sur 34

Statistiques - réponses

Sport% Correct
Football
95%
Athlétisme
93%
Natation (synchronisée, plongeon, water-polo)
91%
Basket-ball (basket-ball, basket-ball à 3)
89%
Handball
82%
Volley-ball (beach-volley, volley-ball)
82%
Judo
81%
Cyclisme (BMX, piste, route, VTT)
79%
Tennis
79%
Rugby à 7
73%
Tir
72%
Karaté
70%
Tennis de table
67%
Gymnastique (artistique, rythmique, trampoline)
66%
Canoë-kayak (eau calme/eau vive/slalom)
65%
Boxe
64%
Equitation
64%
Escrime
64%
Aviron
58%
Badminton
58%
Tir à l'arc
50%
Lutte
47%
Surf
47%
Voile
44%
Skateboard
43%
Escalade
42%
Taekwondo
41%
Triathlon
40%
Hockey sur gazon
39%
Golf
36%
Baseball
35%
Haltérophilie
30%
Pentathlon moderne
22%
Softball
9%

Distribution des résultats

Percentile par nombre de réponses

% des personnes avec chaque résultat

Votre développement - résultats

Vous n’avez pas pris ce quiz